000 02266nam a2200253Ia 4500
003 Ost
005 20260507075314.0
008 260507s9999||||xx |||||||||||||| ||und||
020 _a6614401125978
040 _cfsecg
041 _aara
082 _a346.07
100 _aالسعدي، مرتضى حسين ابراهيم
_eمؤلف
245 0 _aالنظام القانوني لشركات الاستثمار المالي :
_bدراسة تحليلية مقارنة /
_c مرتضى حسين ابراهيم السعدي
260 _aبيروت:
_bمنشورات الحلبي الحقوقية,
_c2011
300 _a264 صفحة؛
_c25 سم
504 _aملاحق ص. 213 ببليوغرافيا: ص.239-255
520 _a المقدمة-المبحث التمهيدي : مفهوم شركة الاستثمار المالي-الفصل الأول : الجوانب القانونية لشركات الاستثمار المالي في العراق : شكل شركات الاستثمار المالي والنتائج المترتبة عليه في التشريع العراقي : رأس مال شركات الاستثمار المالي في العراق : الواقع القانوني لشركات الاستثمار المالي في العراق : أسواق المال في العراق-الفصل الثاني : نشاط شركات الاستثمار المالي في العراق : إدارة المحفظة الاستثمارية : عقود الاستثمار المالي ووسائل تسوية منازعاتها : الأعمال الاستثمارية الأخرى لشركات الاستثمار المالي في العراق-الفصل الثالث : الرقابة واحكام التفتيش على شركات الاستثمار المالي في التشريع العراقي : لمفهوم الرقابة : صور الرقابة والجهات التي تمارسها في التشريع العراقي : التفتيش على شركات الاستثمار المالي والجهات التي تقوم به-الخاتمة
653 _aالإستثمار
653 _aالإستثمار ــ العراق
653 _aالإستثمار المصرفي
653 _aالإستثمار- قوانين وتشريعات
942 _cكتاب
999 _c43887
_d43887